Statystyki dla Największe państwa świata/imperia

Kliknij tutaj aby rozwiązać quiz!

Ogólne statystyki

  • Ten quiz został rozwiązany 425 razy
  • Średni wynik to 10 z 15

Statystyki odpowiedzi

Rok największej powierzchniImperium/Kraj% Poprawnych
1866Imperium Rosyjskie
99%
1922Imperium Brytyjskie
88%
1790Cesarstwo Qing
84%
1898Stany Zjednoczone
83%
1923Francuskie Imperium Kolonialne
80%
1270Imperium Mongolskie
77%
1740Hiszpańskie Imperium Kolonialne
72%
obecnieKanada
68%
115Cesarstwo Rzymskie
60%
1822Cesarstwo Brazylijskie
56%
1815Portugalskie Imperium Kolonialne
56%
1942Cesarstwo Japonii
54%
obecnieAustralia
49%
480 p.n.e.Imperium Perskie
46%
750Islamski Kalifat Abbasydów
9%

Rozkład punktacji

Percentyl według liczby udzielonych odpowiedzi

Procent ludzi z każdym wynikiem

Twoja historia wyników

Nie rozwiązałeś tego quizu